000 00275nam a2200109Ia 4500
008 190216s9999||||xx |||||||||||||| ||und||
100 _aMarse Loalanso
245 0 _aAdisthana Boudikam Sarvakalshalakalk Vol Ii
260 _bBhasha Institute
650 _aPhysics
942 _cBK
999 _c37967
_d37967